000
00209nam a22000977a 4500
003
SGT
245
_a
INTERNATIONAL OF INFORMATION TECHNOLOGY & ENGINEERING
260
_c
2014
300
_a
132
942
_2
ddc
_c
BV
999
_c
20367
_d
20367